| 000 | 00402cam a22001457a 4500 | ||
|---|---|---|---|
| 008 | 180718b2005 xxu||||| |||| 00| 0 eng d | ||
| 020 | _a812207104 | ||
| 082 | _aK23x54 G748 | ||
| 100 | _aGoyal S.K. | ||
| 245 |
_aIndian revenue service: what lies beneath _cby S.K. Goyal |
||
| 260 |
_aNew Delhi _bKonark _c2005 |
||
| 300 | _a204p. | ||
| 650 | _aTaxation - India | ||
| 650 | _aIndia Revenue Service (IRS) | ||
| 999 |
_c404972 _d404972 |
||